Atlas dos povos do mundo (Registo nº 2648)

Detalhes MARC
000 -Etiqueta do registo
Cabeçalho 01089nam a22003611 4500
005 - Identificador da versão
Campo de controlo 20240813121940.0
095 ## -
-- PTBN00457875
010 ## - Número internacional normalizado dos livros (ISBN)
Número (ISBN) 9724720179
021 ## - Número do Depósito Legal
Código do país PT
Número 173487/01
100 ## - Dados gerais de processamento
Dados gerais de processamento 20050628d2002 am y0pory5003 ba
102 ## - Pais de publicação ou produção
País de publicação Portugal
101 1# - Língua de publicação
Língua do texto, banda sonora, etc. Português
Língua do documento no original Inglês
106 ## - Campo de dados codificados: material textual
Dados codificados do material textual r
105 ## - Campo de dados codificados: livros
Dados codificados dos livros a z 001yy
215 ## - Descrição física 
Indicação específica da natureza do documento e extensão da espécie 96 p.
Outras indicações físicas fotog.
Dimensões 29 cm
200 1# - Titulo e menção de responsabilidade
Título próprio Atlas dos povos do mundo
Informação de outro título com sites da internet
Primeira menção de responsabilidade Gillian Doherty, Anna Claybourne
Outras menções de responsabilidade des. gráf. Laura Fearn, Linda Penny
-- trad. Vanessa Guedes
205 ## - Menção da edição
Menção da edição 1ª ed
210 ## - Publicação, Distribuição, etc. 
Lugar da edição, distribuição, etc. Lisboa
Nome do editor, distribuidor, etc. Texto
Data da publicação, distribuição, etc. 2002
304 ## - Notas relativas a título e menção de responsabilidade 
Texto da nota Tít. orig.: Peoples of the world
606 ## - Nome comum usado como assunto
Número de registo de entrada de autoridade 0001467
Palavra de ordem Geografia
Subdivisão de assunto Atlas
Número de registo de entrada de autoridade 0001468
Palavra de ordem Etnografia
675 ## - Classificação Decimal Universal (CDU)
Notação 91
Edição
Língua da edição por
Notação 39
Edição
Língua da edição por
702 #1 - Nome de autor-pessoa física (responsabilidade secundária)
Número de registo de entrada de autoridade 0001471
Palavra de ordem Fearn
Outra parte do nome não tomada para palavra de ordem Laura
Código de função Técnico gráfico / Colorista / Desenhador gráfico / Designer / Impressor de fotografias / Técnico de desenho computorizado
Número de registo de entrada de autoridade 0001472
Palavra de ordem Penny
Outra parte do nome não tomada para palavra de ordem Linda
Código de função Técnico gráfico / Colorista / Desenhador gráfico / Designer / Impressor de fotografias / Técnico de desenho computorizado
Número de registo de entrada de autoridade 0001473
Palavra de ordem Guedes
Outra parte do nome não tomada para palavra de ordem Vanessa
Código de função Tradutor
701 #1 - Nome de autor-pessoa física (co-responsabilidade principal)
Palavra de ordem Claybourne
Outra parte do nome não tomada para palavra de ordem Anna
Código de função Autor / Co-autor
700 #1 - Nome de autor-pessoa física (responsabilidade principal)
Número de registo de entrada de autoridade 0001469
Palavra de ordem Doherty
Outra parte do nome não tomada para palavra de ordem Gillian
942 ## - Elementos de entrada adicionados (Koha)
Tipo de item no Koha Livro
Exemplares
Situação do levantamento Origin of item (home branch) (coded) Biblioteca de empréstimo Código de barras Cota Circulation type (not for loan) Tipo de documento Nota do exemplar Damaged status
  Biblioteca Escolar da Coca Maravilhas Biblioteca Escolar da Coca Maravilhas BECM7124/05 9GEO DOH   Livro Sem mensagem